000 01272cab a22002295a 4500
001 L137478
008 070410e20070327xxk 000 0 eng d
035 _a(Sirsi) u137478
041 0 _aeng
110 2 _aCITB-ConstructionSkills
_94992
245 0 0 _aMore skills for construction sector
_h[electronic resource]
260 _c2007
490 _aCITB-ConstructionSkills Press Release
_v27 March 2007
520 _aAnnounces that 3 954 places on the new Construction and the Built Environment Diploma will be available for 14 to 19 year olds, from September 2008. The diploma has been developed with some of the construction industry's leading employers including AMEC and Mitie, and will combine practical skill development with theoretical and technical knowledge. So far, 44 groups of schools, colleges, training providers and employers are set to offer places on the Construction and the Built Environment Diploma course.
590 _aKA NTK
650 2 4 _aCONSTRUCTION AND THE BUILT ENVIRONMENT DIPLOMA
651 4 _aUnited Kingdom
_y
690 _aBUILT ENVIRONMENT
690 _aCAREERS, EDUCATION AND TRAINING
856 4 0 _uhttps://www.citb-constructionskills.co.uk/news/
_zView the item free of charge at www.citb-constructionskills.co.uk...
942 _n0
999 _c78624
_d78624